| 000 | 01447cam a2200241 4500 | ||
|---|---|---|---|
| 001 | ##L134491 | ||
| 008 | 060810n2006 000 0 eng u | ||
| 035 | _a(Sirsi) u134491 | ||
| 041 | 0 | _aeng | |
| 050 | 0 | 4 | _a614.76 $2 18 |
| 110 | 1 |
_aUnited Kingdom _bDepartment of Trade and Industry |
|
| 245 | 0 | 0 | _aImplementing the directives 2002/96/EC and 2003/108/EC on waste electrical and electronic equipment (WEEE) in the United Kingdom |
| 260 |
_aLondon _bDTI _c2006 |
||
| 505 | 0 | _aPart I (URN 06/1329): draft implementation of directives 2002/96/EC and 2003/108/EC on waste electrical and electronic equipment -- Part II (URN 06/1330): draft guidance to the waste electrical and electronic equipment regulation -- Part III (URN 06/1331): partial regulatory impact assessment for the WEEE regulations -- Draft WEEE regulations. | |
| 520 | _aThe consultation invites views on the government proposals for the draft legislation to implement directives 2002/96/EC and 2003/108/EC on waste electrical and electronic equipment and on the draft non-statutory guidance. Responses are required by 17 October 2006. | ||
| 590 | _aIKA220806 | ||
| 650 | 2 | 4 | _aDIRECTIVE 2002/96/EC |
| 650 | 2 | 4 | _aDIRECTIVE 2003/108/EC |
| 651 | 4 |
_aUnited Kingdom _y |
|
| 690 | _aENVIRONMENTAL AND LAND CONSULTANCY-WASTE MANAGEMENT | ||
| 856 | 4 | 0 |
_uhttps://www.dti.gov.uk/consultations/page32448.html _zView the consultation free of charge at www.dti.gov.uk... |
| 942 | _n0 | ||
| 999 |
_c105699 _d105699 |
||